000 00240nmm a2200097Ia 4500
008 220120s9999||||xx |||||||||||||||||und||
082 _a005.133 NEL
100 _aNelson, Matthew, T
_94746
245 0 _aJava foundation classes
260 _c2000
999 _c139071
_d139071